000 00189 a2200097 4500
020 _a9780756636746
041 _aeng
100 _aDorling Kindersley
245 _aYoga Mind Body
942 _cK
999 _c27658
_d27658